Bands of power joined semigroups
Elmentve itt :
| Szerző: | |
|---|---|
| Dokumentumtípus: | Cikk |
| Megjelent: |
1982
|
| Sorozat: | Acta scientiarum mathematicarum
44 No. 1-2 |
| Kulcsszavak: | Matematika |
| Online Access: | http://acta.bibl.u-szeged.hu/14829 |
| LEADER | 00608nab a2200181 i 4500 | ||
|---|---|---|---|
| 001 | acta14829 | ||
| 005 | 20210409111836.0 | ||
| 008 | 161015s1982 hu o 0|| eng d | ||
| 022 | |a 0001-6969 | ||
| 040 | |a SZTE Egyetemi Kiadványok Repozitórium |b hun | ||
| 041 | |a eng | ||
| 100 | 1 | |a Bogdanović Stojan | |
| 245 | 1 | 0 | |a Bands of power joined semigroups |h [elektronikus dokumentum] / |c Bogdanović Stojan |
| 260 | |c 1982 | ||
| 300 | |a 3-4 | ||
| 490 | 0 | |a Acta scientiarum mathematicarum |v 44 No. 1-2 | |
| 695 | |a Matematika | ||
| 856 | 4 | 0 | |u http://acta.bibl.u-szeged.hu/14829/1/math_044_fasc_001_002_003-004.pdf |z Dokumentum-elérés |